|
|
|
|
| LEADER |
03481nam a2200865 i 4500 |
| 001 |
nkc20172961166 |
| 003 |
CZ PrNK |
| 005 |
20181206235007.0 |
| 007 |
ta |
| 008 |
171206s2018 xr ac f c 001 0dcze |
| 015 |
|
|
|a cnb002961166
|
| 020 |
|
|
|a 978-80-86161-89-1
|q (vázáno)
|
| 035 |
|
|
|a (OCoLC)1065754811
|
| 040 |
|
|
|a OLA001
|b cze
|e rda
|
| 041 |
0 |
|
|a cze
|b eng
|
| 043 |
|
|
|a e-cs---
|a e-xr---
|b e-xr-pg
|2 czenas
|
| 045 |
|
|
|a v-x5
|
| 072 |
|
7 |
|a 75
|x Malířství
|2 Konspekt
|9 21
|
| 080 |
|
|
|a 75(437.3)
|2 MRF
|
| 080 |
|
|
|a 741/744(437.3)
|2 MRF
|
| 080 |
|
|
|a 76(437.3)
|2 MRF
|
| 080 |
|
|
|a 72/76:069.5
|2 MRF
|
| 080 |
|
|
|a 72/76:069.41
|2 MRF
|
| 080 |
|
|
|a 32-051
|2 MRF
|
| 080 |
|
|
|a (437.3)
|2 MRF
|
| 080 |
|
|
|a (437.311)
|2 MRF
|
| 080 |
|
|
|a (437)
|2 MRF
|
| 080 |
|
|
|a (048.8:082)
|2 MRF
|
| 080 |
|
|
|a (083.824)
|2 MRF
|
| 100 |
1 |
|
|a Ježková, Markéta
|7 pna2012722218
|4 aut
|
| 245 |
1 |
0 |
|a TGM a sbírka umění pro Pražský hrad /
|c Markéta Ježková, Jitka Šosová a kol.
|
| 246 |
1 |
4 |
|a Tož to kupte!
|
| 250 |
|
|
|a První vydání
|
| 264 |
|
1 |
|a Praha :
|b Správa Pražského hradu,
|c 2018
|
| 300 |
|
|
|a 457 stran :
|b ilustrace (převážně barevné), portréty ;
|c 31 cm +
|e 1 faksimile (21 x 14 cm)
|
| 336 |
|
|
|a text
|b txt
|2 rdacontent
|
| 336 |
|
|
|a statický obraz
|b sti
|2 rdacontent
|
| 337 |
|
|
|a bez média
|b n
|2 rdamedia
|
| 338 |
|
|
|a svazek
|b nc
|2 rdacarrier
|
| 500 |
|
|
|a [Katalog k výstavě Tož to kupte!: TGM a sbírka umění pro Pražský hrad v Císařské konírně Pražského hradu 12.9.-9.12.2018]
|
| 500 |
|
|
|a Příloha vlepena v prelimináriích
|
| 500 |
|
|
|a Chronologický přehled
|
| 504 |
|
|
|a Obsahuje bibliografii, bibliografické odkazy a rejstřík
|
| 546 |
|
|
|a Anglické resumé
|
| 610 |
2 |
7 |
|a Pražský hrad
|7 kn20010710281
|2 czenas
|
| 610 |
2 |
7 |
|a Masarykův národní fond
|7 kn20050422004
|2 czenas
|
| 648 |
|
7 |
|a 18.-20. století
|7 ch757019
|2 czenas
|
| 648 |
|
7 |
|a 19.-20. století
|7 ch757015
|2 czenas
|
| 648 |
|
7 |
|a 20. století
|7 ch460558
|2 czenas
|
| 648 |
|
4 |
|a 1920-1952
|
| 650 |
0 |
7 |
|a české malířství
|7 ph116864
|y 18.-20. století
|2 czenas
|
| 650 |
0 |
7 |
|a česká kresba
|7 ph116857
|y 19.-20. století
|2 czenas
|
| 650 |
0 |
7 |
|a česká grafika
|7 ph128116
|y 18.-20. století
|2 czenas
|
| 650 |
0 |
7 |
|a umělecké sbírky
|7 ph135222
|z Česko
|2 czenas
|
| 650 |
0 |
7 |
|a doplňování uměleckých sbírek
|7 ph628993
|z Česko
|y 20. století
|2 czenas
|
| 650 |
0 |
7 |
|a prezidenti
|7 ph124601
|z Československo
|2 czenas
|
| 650 |
0 |
9 |
|a Czech painting
|y 18th-20th centuries
|2 eczenas
|
| 650 |
0 |
9 |
|a Czech drawing
|y 19th-20th centuries
|2 eczenas
|
| 650 |
0 |
9 |
|a Czech prints
|y 18th-20th centuries
|2 eczenas
|
| 650 |
0 |
9 |
|a art collections
|z Czechia
|2 eczenas
|
| 650 |
0 |
9 |
|a art collections acquisitions
|z Czechia
|y 20th century
|2 eczenas
|
| 650 |
0 |
9 |
|a presidents
|z Czechoslovakia
|2 eczenas
|
| 651 |
|
7 |
|a Praha (Česko)
|7 ge118011
|2 czenas
|
| 651 |
|
9 |
|a Prague (Czechia)
|2 eczenas
|
| 655 |
|
7 |
|a kolektivní monografie
|7 fd501537
|2 czenas
|
| 655 |
|
7 |
|a katalogy výstav
|7 fd132536
|2 czenas
|
| 655 |
|
9 |
|a collective monographs
|2 eczenas
|
| 655 |
|
9 |
|a exhibition catalogs
|2 eczenas
|
| 700 |
1 |
|
|a Šosová, Jitka,
|d 1986-
|7 mzk2015864723
|4 aut
|
| 856 |
4 |
1 |
|u http://www.digitalniknihovna.cz/mzk/uuid/uuid:c3243b90-eef5-11e8-bc37-005056827e51
|y Digitalizovaný dokument
|x NDK
|
| 910 |
2 |
|
|a BOA001
|b 4-1412.522
|
| 990 |
|
|
|a BK
|
| 995 |
|
|
|a 01
|
| 991 |
|
|
|b 201810
|c NOV
|
| 996 |
6 |
|
|b 2610754576
|c 4-1412.522
|l MZK
|r Sklad / do 1 hodiny
|n 4
|p p.v.
|w 001686568
|u 000010
|a 1
|e BOA001
|j MZK50
|s P
|